• 首页
  • 本馆介绍
  • 公告通知
  • 最新文献
  • 馆藏检索
  • 电子资源
  • 读者导购
  • 参考咨询
  • 我的图书馆
  • 登录
  • 详细信息显示
  • 放入我的书架
  • 预约/预借图书
  • 作者相关作品
  • 分类相关作品
  • 丛书相关作品
  • 出版社相关作品

书目信息

  • 表格格式
  • 工作单格式
  • 卡片格式
题名:
基础英语
    
 
作者: ;体育院、系教材编审委员会《基础英语》编写组 编
分册: 下册  
出版信息: 北京   人民体育出版社  1982.6
页数: 261页
开本: 20cm
丛书名:
单 册:
中图分类: H31
科图分类:
主题词: 英语
电子资源:
ISBN:
000 00663nam0 2200205 45
001 0405090932
005 20060512083021.06
010    @dCNY0.88
091    @a7015.2018
100    @a20040509d1982 km y0chiy0120 ea
101 0  @achi
200 1  @a基础英语@AJi Chu Ying Yu@h下册@f体育院、系教材编审委员会《基础英语》编写组编@FTi Yu Yuan、Xi Jiao Cai Bian Shen Wei Yuan Hui《Ji Chu Ying Yu》Bian Xie Zu Bian
210    @a北京@c人民体育出版社@d1982.6
215    @a261页@d20cm
300    @a体育系通用教材
606 0  @a英语
690    @aH31@v3
711 02 @a体育院、系教材编审委员会《基础英语》编写组@4编
801    @aCN@bPftUser@c20060512
905    @f1@b111112@dH31@e12:2
    
    基础英语.下册/体育院、系教材编审委员会《基础英语》编写组编.-北京:人民体育出版社,1982.6
    261页;20cm
    体育系通用教材
    
    ISBN :CNY0.88
    
●
相关链接 在E读中查询图书 在五车中查询图书 在当当中查询图书 在豆瓣中查询图书


正题名:基础英语     索取号:H31/12:2         预约/预借

序号 登录号 条形码 馆藏地/架位号 状态 备注
1 0072970   202322806   密集书库/ [索取号:H31/12:2] 在馆    
2 0072971   202322815   密集书库/ [索取号:H31/12:2] 在馆    
3 0111104   000912178   密集书库/ [索取号:H31/12:2] 在馆    
4 0111105   000912114   密集书库/ [索取号:H31/12:2] 在馆    
5 0111106   000912089   密集书库/ [索取号:H31/12:2] 在馆    
6 0111107   000912070   密集书库/ [索取号:H31/12:2] 在馆    
7 0111108   000912187   密集书库/ [索取号:H31/12:2] 在馆    
8 0111109   202322398   密集书库/ [索取号:H31/12:2] 在馆    
9 0111110   000912132   第四借阅区/ [索取号:H31/12:2] 在馆    
10 0111111   000912052   密集书库/ [索取号:H31/12:2] 在馆    
11 0111112   000912061   第二样本阅览室/ [索取号:H31/12:2] 在馆    
12 0111113   202229800   密集书库/ [索取号:H31/12:2] 在馆    
唐山师范学院图书馆 欢迎您!
大连网信软件有限公司© 版权所有